La escritura en la enseñanza secundaria: los procesos del pensar y del escribir
Gorde:
| Egile Nagusiak: | , |
|---|---|
| Formatua: | Liburua |
| Hizkuntza: | gaztelania |
| Argitaratua: |
Barcelona
Graó
2000
|
| Edizioa: | 1a. ed |
| Saila: | Colección Biblioteca de Textos. Serie Lengua, 151
|
| Gaiak: | |
| Etiketak: |
Etiketa erantsi
Etiketarik gabe, Izan zaitez lehena erregistro honi etiketa jartzen!
|
MARC
| LEADER | 00000cam a2200000 a 4500 | ||
|---|---|---|---|
| 001 | UCM0695 | ||
| 003 | CL-VaPUC | ||
| 008 | 020308e20001000SP |||||||||||||||||spa|d | ||
| 020 | |a 8478272429 | ||
| 082 | 0 | 4 | |a 410.712 |b BJO |2 21 |
| 100 | 0 | |a Björk, Lennart |e author |9 467619 | |
| 700 | 0 | |a Blomstrand, Ingegerd |e author |9 467620 | |
| 245 | 1 | 3 | |a La escritura en la enseñanza secundaria: los procesos del pensar y del escribir |
| 250 | |a 1a. ed | ||
| 300 | |a 255 p | ||
| 942 | |c BK | ||
| 945 | |d 20020308 00:00:00 |a vberengu | ||
| 260 | |a Barcelona |b Graó |c 2000 | ||
| 650 | 0 | |a Escritura |9 264941 | |
| 650 | 0 | |a Expresión escrita |9 334816 | |
| 650 | 0 | |a Enseñanza de la escritura |9 307377 | |
| 650 | 0 | |a Argumentación |9 257103 | |
| 583 | |a last modification |c 20180322 13:02:23 |k Rodrigo Vera | ||
| 490 | 0 | |a Colección Biblioteca de Textos. Serie Lengua, 151 | |
| 999 | |c 299533 |d 299531 | ||
| 952 | |0 0 |1 0 |4 0 |6 410_712000000000000_BJO_2000 |7 0 |8 A |9 356161 |a FDOPOS |b FDOPOS |d 2019-11-21 |i 3869946 |o 410.712 BJO 2000 |p 3869946 |r 2025-01-22 |w 2019-11-21 |y BK |k MLA | ||
| 952 | |0 0 |1 0 |4 0 |6 410_712000000000000_BJO_2000 |7 0 |8 A |9 356163 |a BIBEDU |b BIBEDU |d 2019-11-21 |i 4972252 |l 2 |m 2 |o 410.712 BJO 2000 |p 4972252 |r 2024-06-06 |s 2024-05-16 |w 2019-11-21 |y BK |k LIT | ||